LEARNING TO COMMUNICATE (Record no. 3566)
[ view plain ]
| 000 -LEADER | |
|---|---|
| fixed length control field | 00362nam a22001577a 4500 |
| 020 ## - INTERNATIONAL STANDARD BOOK NUMBER | |
| ISBN | 0-19-564342-9 |
| 082 ## - DEWEY DECIMAL CLASSIFICATION NUMBER | |
| Classification number | 823 |
| Item number | RAM/L |
| 100 ## - MAIN ENTRY--AUTHOR NAME | |
| Personal name | RAM, S. K |
| 100 ## - MAIN ENTRY--AUTHOR NAME | |
| Personal name | MASON, J. A |
| 245 ## - TITLE STATEMENT | |
| Title | LEARNING TO COMMUNICATE |
| 250 ## - EDITION STATEMENT | |
| Edition statement | 1 |
| 260 ## - PUBLICATION, DISTRIBUTION, ETC. (IMPRINT) | |
| Place of publication | CALCUTTA |
| Name of publisher | OXFORD UNIVERSITY PRESS |
| Year of publication | 2000 |
| 300 ## - PHYSICAL DESCRIPTION | |
| Number of Pages | 59 |
| 650 ## - SUBJECT ADDED ENTRY--TOPICAL TERM | |
| Topical Term | ENGLISH SHORT STORY |
| Geographic subdivision | CALCUTTA |
| 942 ## - ADDED ENTRY ELEMENTS (KOHA) | |
| Koha item type | Books |
| Withdrawn status | Lost status | Collection code | Home library | Current library | Shelving location | Date acquired | Source of acquisition | Cost, normal purchase price | Full call number | Accession Number | Koha item type |
|---|---|---|---|---|---|---|---|---|---|---|---|
| Fiction | Main Library | Main Library | SHELF 3- E- ENGLISH CHILDRENS LITERATURE &MYTHOLOGY | 07/05/2004 | PURCHASE | 35.00 | 823 RAM/L | 00412 | Books | ||
| Fiction | Main Library | Main Library | SHELF 3- E- ENGLISH CHILDRENS LITERATURE &MYTHOLOGY | 07/05/2001 | PURCHASE | 41.00 | 823 RAM/L | 00411 | Books |